00270 a2200109 450000500170000002000220001708200150003910000150005424500270006926000490009630000150014520250629145758.0 a978-0-718-17949-6 a823.92 SIM aSIMSION, G aThe Best of Adam Sharp aUnited KingdomsbPenguin Random Housec2017. a371pc22cm